Complete the Card - WWE Judgment Day 2002 - Statistics

General Stats
  • This quiz has been taken 281 times
  • The average score is 17 of 21
Answer Stats
Answer % Correct
Triple H
99%
Edge
98%
Kurt Angle
96%
The Undertaker
96%
Trish Stratus
94%
Jeff Hardy
93%
Matt Hardy
93%
Chris Jericho
91%
Hollywood Hulk Hogan
85%
Stone Cold Steve Austin
84%
The Big Show
83%
Brock Lesnar
82%
Eddie Guerrero
81%
Rob Van Dam
79%
Ric Flair
73%
Billy
71%
Chuck
68%
Paul Heyman
68%
Rikishi
61%
Stacy Keibler
58%
Rico
50%
No matching quizzes found
Score Distribution
Percent of People with Each Score
Percentile by Number Answered
Your Score History
You have not taken this quiz